00403nam a2200145Ia 4500008004100000040001900041041001200060082002900072100002000101245004200121260003600163300001900199650001700218850002200235131103s9999 xx 000 0 und d aLoreto College aEnglish a232.929/STObLCLIB/20064 aStott, John R W 4aThe truth about jesuscJohn R W Stott aBombaybJyoti Pocketbooksc1971 a129p. c 19cm. aJesus christ aLCLIB/232.929/STO